000 00576nam a2200181 i 4500
001 94330
003 ES-MaACL
005 20230906181443.0
007 t|
008 050428s1971 pr ||||1| spa d
100 1 _aLópez Vázquez, José.
_974018
245 1 0 _aEsa muerte en carne viva
_b: novela /
_cJosé López Vázquez; prólogo de Abelardo Díaz Alfaro.
260 _aRío Piedras (Puerto Rico) :
_bEdil,
_c1971.
300 _a704 p. con 1 lám. ;
_c20 cm.
500 _aRetr.aut.
700 1 _aDíaz Alfaro, Abelardo.
_944164
852 _aES-MaACL
_jC-39285
_bR.76874
999 _c94330
_d94330